Supply Chain Logistics Management (Record no. 4506)

MARC details
005 - DATE AND TIME OF LATEST TRANSACTION
control field 20250620100433.0
020 ## - INTERNATIONAL STANDARD BOOK NUMBER
International Standard Book Number 0-07-235100-4
082 ## - DEWEY DECIMAL CLASSIFICATION NUMBER
Classification number 658.7 BOW
100 ## - MAIN ENTRY--PERSONAL NAME
Author name BOWERSOX, J. D
245 ## - TITLE STATEMENT
Title Supply Chain Logistics Management
260 ## - PUBLICATION, DISTRIBUTION, ETC.
Place of publication, distribution, etc. New York
Name of publisher, distributor, etc. McGraw-Hill Irwin
Date of publication, distribution, etc. 2002.
300 ## - PHYSICAL DESCRIPTION
Extent xxii,656p.: ill.; figurs, tables
Other physical details Index
Dimensions 25cm
700 ## - ADDED ENTRY--PERSONAL NAME
Other authors/Editors David J. Closs
700 ## - ADDED ENTRY--PERSONAL NAME
Other authors/Editors M. Bixby Cooper
942 ## - ADDED ENTRY ELEMENTS (KOHA)
Source of classification or shelving scheme Dewey Decimal Classification
Koha item type Books
Holdings
Date last seen Total checkouts Full call number Barcode Cost, replacement price Price effective from Koha item type Lost status Source of classification or shelving scheme Damaged status Not for loan Withdrawn status Home library Current library Shelving location Date acquired Source of acquisition Cost, normal purchase price
06/20/2025   658.7 BOW MZA0001657 426000.00 06/20/2025 Books   Dewey Decimal Classification       CBE Mwanza CBE Mwanza General Collection 07/20/2010 Library Budget 142000.00
06/20/2025   658.7 BOW MZA0001678 426000.00 06/20/2025 Books   Dewey Decimal Classification       CBE Mwanza CBE Mwanza General Collection 07/20/2017 Library Budget 142000.00